000 00523nam a2200205 i 4500
001 bg
100 1 _aMETZGER, Piotr
245 1 0 _aAnatomia PC /
_cPiotr Metzger.
250 _aWyd. 2 rozsz.
260 _aGliwice :
_b"Helion",
_ccop. 1996.
300 _a586 s. :
_brys. ;
_c24 cm +
_edyskietka.
650 9 _aKomputery
_xbudowa i organizacja
020 _a8385701958
040 _cBPK
041 0 _apl
080 _a681.322.02
920 _a83-85701-95-8
942 _cKS
008 s pl f |000 0 pol
999 _c31449
_d31449
856 _uhttp://koha.tu.koszalin.pl/cgi-bin/koha/opac-detail.pl?biblionumber=31449
_yKatalog online BPK